LEADER 00766nam0 2200277 450 001 9910491153203321 005 20210823133430.0 010 $a9788857577005 100 $a20210823d2021----km y0itay50 ba 101 0 $aita 102 $aIT 105 $a 001yy 200 1 $aHard core$eistruzioni per l'uso$esessuopolitica e porno di massa$fPietro Adamo 210 $aMilano ; Udine$cMimesis$d2021 215 $a254 p.$cill.$d20 cm 225 1 $aEterotopie$v735 610 0 $aPornografia 676 $a363.47$v22$zita 700 1$aAdamo,$bPietro$f<1959- >$0171482 801 0$aIT$bUNINA$gREICAT$2UNIMARC 901 $aBK 912 $a9910491153203321 952 $a363.47 ADA 1$b8540$fBFS 959 $aBFS 996 $aHard core$91864181 997 $aUNINA LEADER 03680nam 2200649 a 450 001 9910782156203321 005 20200520144314.0 010 $a0-9771597-6-0 010 $a1-281-97514-1 010 $a9786611975142 010 $a1-934559-76-8 035 $a(CKB)1000000000536132 035 $a(EBL)347832 035 $a(OCoLC)476163040 035 $a(SSID)ssj0000236907 035 $a(PQKBManifestationID)12044310 035 $a(PQKBTitleCode)TC0000236907 035 $a(PQKBWorkID)10173429 035 $a(PQKB)11301454 035 $a(Au-PeEL)EBL347832 035 $a(CaPaEBR)ebr10235098 035 $a(iGPub)SPCB0000291 035 $a(MiAaPQ)EBC347832 035 $a(EXLCZ)991000000000536132 100 $a20060816d2007 uy 0 101 0 $aeng 135 $aur|n|---||||| 181 $ctxt 182 $cc 183 $acr 200 10$aRestless legs syndrome$b[electronic resource] $ecoping with your sleepless nights /$fMark J. Buchfuhrer, Wayne A. Hening, Clete A. Kushida ; with contributions from Ann. E. Battenfield, Karla M. Dzienkowski 205 $a1st ed. 210 $aNew York $cDemos/AAN Press$dc2007 215 $a1 online resource (279 p.) 225 1 $aAmerican Academy of Neurology (AAN) quality of life guides 300 $aDescription based upon print version of record. 311 $a1-932603-57-3 320 $aIncludes bibliographical references and index. 327 $aCover; Title Page; Contents; About The AAN Press Quality of Life Guides; Foreword; Preface; Acknowledgments; Chapter 1. What are Restless Legs Syndrome and Periodic Limb Movement Disorder?; Chapter 2. How is Restless Legs Syndrome Diagnosed?; Chapter 3. Who Gets Restless Legs Syndrome and What Causes It?; Chapter 4. Nondrug Therapy and Trigger Avoidance; Chapter 5. Treating Intermittent Restless Legs Syndrome with Medication; Chapter 6. Treating Daily Restless Legs Syndrome with Medication; Chapter 7. Treating Refractory Restless Legs Syndrome with Medication 327 $aChapter 8. Augmentation, Rebound, and ToleranceChapter 9. Treating Secondary Restless Legs Syndrome and Patients with Additional Medical Problems; Chapter 10. What About Treating Periodic Limb Movement Disorder?; Chapter 11. Restless Legs Syndrome in Children; Chapter 12. The Patient's Role in managing Restless Legs Syndrome; Chapter 13. Applying for Social Security Disability; Chapter 14. Restless Legs Syndrome and Relationships; Chapter 15. Finding a Physician; Chapter 16. The Future of Restless Legs Syndrome Treatment; Resources; Glossary; List of Abbreviations; Index 330 $aWritten by respected leaders in this field and sponsored by the American Academy of Neurology, Restless Legs Syndrome explains what we know about RLS, including its causes and manifestations, and what can be done to manage it. Topics covered include: # Causes, symptoms, and diagnosis # Treatments, including drug and non-pharmacologic therapy # RLS in children # Personal relationships and RLS # Resources # Lifestyle changes, dealing with daily activities, RLS triggers, and much more 410 0$aAAN Press quality of life guide. 606 $aRestless legs syndrome 615 0$aRestless legs syndrome. 676 $a616.8/4 700 $aBuchfuhrer$b Mark J$01040420 701 $aHening$b Wayne A$01204170 701 $aKushida$b Clete Anthony$f1960-$01535752 701 $aBattenfield$b Ann. E$01535753 701 $aDzienkowski$b Karla M$01535754 801 0$bMiAaPQ 801 1$bMiAaPQ 801 2$bMiAaPQ 906 $aBOOK 912 $a9910782156203321 996 $aRestless legs syndrome$93784129 997 $aUNINA LEADER 02755nam 2200445 450 001 9910825812903321 005 20171201090916.0 010 $a1-78348-586-8 035 $a(CKB)3710000000748244 035 $a(MiAaPQ)EBC4587059 035 $a(EXLCZ)993710000000748244 100 $a20160629h20162016 uy| 0 101 0 $aeng 135 $aurcnu|||||||| 181 $2rdacontent 182 $2rdamedia 183 $2rdacarrier 200 14$aThe right of necessity $emoral cosmopolitanism and global poverty /$fAlejandra Mancilla 210 1$aLanham, MD :$cRowman & Littlefield International,$d[2016] 210 4$dİ2016 215 $a1 online resource (141 pages) 225 0 $aOff the fence: morality, politics and society 311 $a1-78348-585-X 311 $a1-78348-587-6 320 $aIncludes bibliographical references and index. 327 $aReviving the Right of Necessity -- Part I. Historical Accounts of the Right of Necessity -- The Right of Necessity as a Retreat to the Right of Common Use -- The Right of Necessity and the Pull of Self-preservation -- Part II. The Right of Necessity and Global Poverty -- Justifying the Right of Necessity -- Content, Form and Conditions -- The Overdemandingness Objection -- The Right of Necessity within Moral Cosmopolitanism 330 8 $a"Does recognition of the basic human right to subsistence imply that the needy are morally permitted to take and use other people's property to escape their plight? Should we respect the exercise of this right of necessity in a variety of scenarios - from street pickpocketing and petty theft to illegal squatting and encamping? In this concise and accessible book, Alejandra Mancilla addresses these complex and controversial moral questions. The [book] presents a historical account of the concept of the right of necessity-from the medieval writings of Christian canonists and theologians to seventeenth century natural law theory. Mancilla goes on to ground this right in a minimal conception of basic human rights, and she proposes some necessary and jointly sufficient conditions for its exercise. She confronts the main objections that may be posed against this principle and ultimately concludes that the exercise of this right should be considered as a trigger to secure a minimum threshold of welfare provisions for everyone, everywhere."--Back cover. 606 $aCosmopolitanism 615 0$aCosmopolitanism. 686 $a5,1$2ssgn 686 $aCC 7700$2rvk 686 $aCC 7750$2rvk 700 $aMancilla$b Alejandra$01712637 801 0$bMiAaPQ 801 1$bMiAaPQ 801 2$bMiAaPQ 906 $aBOOK 912 $a9910825812903321 996 $aThe right of necessity$94104957 997 $aUNINA